| 000 | 01007cam a22002651i 4500 | ||
|---|---|---|---|
| 003 | SA-RiAUC | ||
| 005 | 20250521074147.0 | ||
| 008 | 250516s1988 su g 000rp ara c | ||
| 040 |
_aSA-JeALM _bara _cSA-RiAUC _erda |
||
| 050 | 4 | _bD59 1988 | |
| 082 | 0 | 4 |
_a811.9531 _qSA-RiAUC |
| 090 |
_a811.9531 _b ش ح ا |
||
| 100 | 1 |
_aشحاتة، حمزة محمد نور، _d1328-1393 هجري _eمؤلف. |
|
| 245 | 1 | 0 | _aديوان حمزة شحاتة. |
| 250 | _aالطبعة الأولى. | ||
| 264 | 1 |
_aجدة، السعودية : _bدار الأصفهاني للطباعة، _c[1988] |
|
| 300 |
_a355 صفحة ؛ _c24 سم |
||
| 336 |
_aنص _btxt _2rdacontent _3كتاب |
||
| 337 |
_aبدون وسيط _bn _2rdamedia |
||
| 338 |
_aمجلد _bnc _2rdacarrier |
||
| 500 | _aإهداء من محمد علي بتاريخ 1409/3/29 هـ | ||
| 650 | 7 |
_aالشعر العربي _zالسعودية _yقرن 14 هجري _2aucsh |
|
| 942 |
_2ddc _cBOOK _n0 |
||
| 949 |
_aSA-JeALM _d250516 _umohamedma123 _n1 |
||
| 999 |
_c8185 _d8185 |
||